00978 2200301 4500001002100000005001500021035002000036007000300056008004100059040002200100082001400122084001600136090001800152100003100170245017600201300002500377650001900402650002200421850001200443041000800455264005600463336002100519337003000540338002300570246002000593546004500613990001800658INLIS00000000084969720190718091907 a0010-0719000698ta190718s1912 jki g | d aYOPDYOGbinderda04223a204.4 a204.4 POE c aL 204.4 POE c1 aPoedja Ardja, MePengarang1 aCariyos tilarsa :bmratelakaken cipta riptaning manungsa, tegesipun: anggitipun tiyang gesang, ingkang ginilut salebeting pamikir, sami punapa beda-beda /cM. Poedja Ardja a157 halaman ;c22 cm 4aKebatinan Jawa aKesusastraan Jawa aYOPDYOG0 ajav3 aBatawi :bKangjeng Gupremen (Landsdrukkerij),c1912 2rdacontentateks 2rdamediaatanpa perantara 2rdacarrieravolume aTjarios tilarsa aTeks berbahasa JawabBuku beraksara Jawa a56603-PD/A.17